Sports Quiz

Random Sports or Soccer Quiz

Top soccer players in 2016-17 Quiz Stats

 Plays Quiz not verified by Sporcle

Challenge
Share
Tweet
Embed
Score 0/15 Timer 10:00
0 Plays Today
Hint Answer % Correct
2Messi
100%
1Ronaldo
100%
4Neymar
85.9%
5Suarez
85.9%
7Bale
74.6%
14Lewandowski
66.2%
3Hazard
63.4%
9Kroos
50.7%
Hint Answer % Correct
6Costa
49.3%
10Dybala
42.3%
13Mbappe
33.8%
8Muller
29.6%
11Willian
8.5%
15Zlatan
8.5%
12Rashford
7%

You're not logged in!

Compare scores with friends on all Sporcle quizzes.
OR
Log In

You Might Also Like...

Show Comments

Extras

Created Jun 7, 2017ReportNominate
Tags:Soccer Quiz, player

Top Quizzes Today


Score Distribution

Your Account Isn't Verified!

In order to create a playlist on Sporcle, you need to verify the email address you used during registration. Go to your Sporcle Settings to finish the process.

Report this User

Report this user for behavior that violates our Community Guidelines.

Details: